Mountain Ranges by Satellite View - Statistics

General Stats
  • This quiz has been taken 81 times
  • The average score is 8 of 12
Answer Stats
Picture Answer % Correct
Alps
100%
Himalayas
97%
Pyrenees
90%
Atlas Mountains
88%
Andes
83%
Southern Alps
71%
Apennine Mountains
65%
Carpathians
64%
Rocky Mountains
59%
Ghats
38%
Appalachians
25%
Sierra Madre Occidental
10%
No matching quizzes found
Score Distribution
Percent of People with Each Score
Percentile by Number Answered
Your Score History
You have not taken this quiz